Matematika - nauka i professija

Guardado en:
Detalles Bibliográficos
Autor principal: Kolmogorov, Andrej Nikolajevič
Formato: Libro
Lenguaje:ruso
Publicado: Moskva Nauka 1988
Edición:1. izd.
Etiquetas: Agregar Etiqueta
Sin Etiquetas, Sea el primero en etiquetar este registro!

MARC

LEADER 00000nam a2200000 4500
001 c032454
005 20221206134837.0
041 0 |a rus 
044 |a RU 
245 1 0 |a Matematika - nauka i professija  |c Andrej Nikolajevič Kolmogorov 
250 |a 1. izd. 
264 1 |a Moskva  |b Nauka  |c 1988 
300 |a 283 s. 
100 1 |a Kolmogorov, Andrej Nikolajevič